| 000 | 01010nam0a22002411 4500 | ||
|---|---|---|---|
| 001 | rc\3639937 | ||
| 005 | 20250610054220.0 | ||
| 021 |
_aRU _bРг1721-71 |
||
| 035 | _a(NLR Aleph) 007728162 | ||
| 090 |
_a7025936 _c7025936 |
||
| 100 | _a20130115d1970 |||y0rusy50 ca | ||
| 101 | 0 | _arus | |
| 102 | _aRU | ||
| 105 | _aa z ||||| | ||
| 200 | 1 |
_aМетоды определения динамических модулей упругости и внутреннего трения конструкционных пластмасс _eИнструкция № 960-69 _e(Взамен технол. рекомендаций ТР11-432, ТР11-433, ТР11-465, ТР11-655) _e[Утв. ВИАМ 31/XII 1969 г. |
|
| 210 |
_aМосква] _cБ. и. _d1970 |
||
| 215 |
_a56 с., 2 л. схем. _cил. _d21 |
||
| 712 | 0 | 2 |
_aВНИИ авиационных материалов _9347410 _3RU\NLR\AUTH\889925800 |
| 801 | 0 |
_aRU _bNLR _gpsbo |
|
| 801 | 1 |
_aRU _bELAR _2rusmarc |
|
| 852 |
_aNLR _jПт 10.5/53 |
||
| 942 | _cBOOK | ||
| 980 | _aNB | ||